Statistics for Scientific instruments ending with METER

Click here to take the quiz!

General Stats

  • This quiz has been taken 9 times
  • The average score is 4 of 10

Answer Stats

HintAnswer% Correct
For measuring temperatureThermometer
89%
Used to measure atmospheric pressureBarometer
78%
Measures electric voltageVoltmeter
67%
Used to measure altitudeAltimeter
44%
Measures accelerationAccelerometer
22%
Measures electric currentAmmeter
22%
Measures intensity of lightPhotometer
22%
Measures speed of rotationTachometer
22%
Used to measure purity of milkLactometer
11%
Measures wind speedAnemometer
0%

Score Distribution

Percentile by Number Answered

Percent of People with Each Score

Your Score History

You have not taken this quiz